| 000 | 01149nam0a22002651 4500 | ||
|---|---|---|---|
| 001 | rc\123799 | ||
| 005 | 20021216135841.6 | ||
| 010 |
_a5-696-00451-2 _9100 |
||
| 035 | _a(NLR Aleph) 005380491 | ||
| 090 |
_a7095493 _c7095493 |
||
| 100 | _a20021216d1995 u |0rusy50 ca | ||
| 101 | 0 | _arus | |
| 102 | _aRU | ||
| 105 | _aa ||||||||| | ||
| 200 | 1 |
_aСОВЕРШЕНСТВОВАНИЕ машиностроительных материалов, конструкций машин и методов обработки деталей _eТемат. сб. науч. тр. _fГос. ком. Рос. Федерации по высш. образованию. Челяб. гос. техн. ун-т _g[Редкол.: А.Н. Нагуло (отв. ред.) и др.] |
|
| 210 |
_aЧелябинск _cИзд-во ЧГТУ _d1995 |
||
| 215 |
_a184 с. _cил. _d20 |
||
| 320 | _aБиблиогр. в конце ст. | ||
| 702 | 1 |
_aНагуло _bА. Н. _gАнатолий Никитович _4340 |
|
| 712 | 0 | 2 | _aЧелябинский техн. ин-т |
| 801 | 0 |
_aRU _bNLR _gpsbo |
|
| 801 | 1 |
_aRU _bELAR _2rusmarc |
|
| 852 |
_aNLR _j96-3/2468 |
||
| 942 | _cBOOK | ||
| 980 | _aNB | ||